[Event "XXVIII Memorial Mistrza Blaszczaka Grupa C - MLODZICY"]
[Site "Wroclaw"]
[Date "1899-12-30"]
[Round "3.9"]
[White "Mastalarz, Jozef"]
[Black "Korolewicz, Pawel"]
[Result "1/2-1/2"]
[WhiteTitle "II"]
[BlackTitle "II"]
[WhiteElo "1510"]
[BlackElo "1343"]

1. Nc3 e5 2. e4 Nf6 3. f4 d5 4. exd5 Nxd5 5. fxe5 Nc6 6. Nf3 Bg4 7. d4 Bb4 8. Bd2
a5 9. Bc4 Bxc3 10. Bxc3 Ne3 11. Qe2 Bxf3 12. Qxe3 Qh4+ 13. Kf1 Bh5 14. Qf2 Qg5
15. Bd2 Qg6 16. c3 O-O 17. Ke1 Kh8 18. Be2 Bxe2 19. Qxe2 Qe6 20. Rf1 Rae8 21.
Kf2 f6 22. Kg1 fxe5 23. Rfe1 Qd5 24. b3 Kg8 25. Qh5 Re6 26. Rad1 Rg6 27. g3 Re8
28. Bc1 Qf7 29. Qe2 Rf6 30. dxe5 h6 31. exf6 Rxe2 32. Rxe2 Qxf6 33. Re3 Qf5 34.
Red3 Qf6 35. Bf4 Ne5 36. Bxe5 Qxe5 37. c4 Kf7 38. Rf1+ Kg6 39. Rdf3 a4 40. Kg2
Qe4 41. R1f2 Kh5 42. h3 Kg6 43. Kh2 1/2-1/2

[Event "XXVIII Memorial Mistrza Blaszczaka Grupa C - MLODZICY"]
[Site "Wroclaw"]
[Date "1899-12-30"]
[Round "3.10"]
[White "Joniak, Grzegorz"]
[Black "Kalinowska, Karolina"]
[Result "0-1"]
[WhiteTitle "II"]
[BlackTitle "I"]
[WhiteElo "1314"]
[BlackElo "1475"]

1. e4 e6 2. d4 d5 3. exd5 exd5 4. Nf3 Bd6 5. Nc3 Nf6 6. Bg5 Be6 7. Bd3 O-O 8. O-O
h6 9. Be3 a6 10. Qd2 Nc6 11. Rfe1 Ne7 12. Bxh6 Bf5 13. Bxf5 Nxf5 14. Bg5 Be7 15.
Re5 Nd6 16. Nxd5 Nxd5 17. Rxd5 c6 18. Bxe7 Qxe7 19. Re1 Ne4 20. Re5 Qxe5 21. dxe5
Nxd2 22. Nxd2 Rfe8 23. f4 Rad8 24. Nb3 b6 25. Kf2 Rd5 26. c4 Rd7 27. Ke3 Red8
28. c5 bxc5 29. Nxc5 Rd2 30. Nxa6 Rxb2 31. Re2 Rxe2+ 32. Kxe2 Ra8 33. Nb4 c5 34.
Nc6 Rxa2+ 35. Kf3 c4 36. f5 c3 37. Nd4 c2 38. Nxc2 Rxc2 0-1

[Event "XXVIII Memorial Mistrza Blaszczaka Grupa C - MLODZICY"]
[Site "Wroclaw"]
[Date "1899-12-30"]
[Round "3.12"]
[White "Kraszewska, Barbara"]
[Black "Tokarz, Krzysztof"]
[Result "1/2-1/2"]
[WhiteTitle "II"]
[BlackTitle "II"]
[WhiteElo "1269"]
[BlackElo "1465"]

1. e4 e6 2. d4 d5 3. e5 c5 4. c3 Nc6 5. Nf3 Qb6 6. Na3 cxd4 7. Nxd4 a6 8. Nxc6
Qxc6 9. Nc2 Ne7 10. Nd4 Qc7 11. Nf3 Ng6 12. Qe2 Bd7 13. Qe3 Bc5 14. Qg5 Qb6 15.
Qg3 Bb5 16. Bxb5+ Qxb5 17. Qg5 Qd3 18. Qd2 Qe4+ 19. Qe2 Qxe2+ 20. Kxe2 Rc8 21.
Rd1 O-O 22. Kf1 Bb6 23. Re1 Rc6 24. Be3 Rfc8 25. Rab1 h6 26. Bxb6 Rxb6 27. g3
Rc4 28. Nd2 Ra4 29. a3 Kf8 30. f4 Ne7 31. Rec1 Nf5 32. Kf2 Ke7 33. Re1 f6 34.
Nf3 fxe5 35. Nxe5 Kd6 36. Kg1 g5 37. fxg5 hxg5 38. Nf7+ Ke7 39. Nxg5 Kf6 40. Nf3
Rc6 41. Re2 b5 42. Rbe1 Rd6 43. Rf2 Rg4 44. Nd4 Rb6 45. Kg2 Rg5 46. Rd1 Kg6 47.
Nxf5 Rxf5 48. Rxf5 Kxf5 49. h3 a5 50. Rd4 Rd6 51. Rf4+ Kg5 52. h4+ Kh5 53. Kf3
Kg6 54. Ke3 e5 55. Rg4+ Kf6 56. Kd3 Rb6 57. Ke3 Rd6 58. Rg8 d4+ 59. cxd4 Rxd4
60. Rc8 b4 61. Rc6+ Kf5 62. axb4 Rxb4 63. Rc2 Rb3+ 64. Kf2 a4 65. Re2 a3 66. bxa3
Rxa3 67. Kg2 Rb3 68. Kf2 Ra3 69. Re3 Ra8 70. Kf3 Ra4 71. Re1 Ra3+ 72. Kf2 Ra5
73. Re2 Ra3 1/2-1/2

[Event "XXVIII Memorial Mistrza Blaszczaka Grupa C - MLODZICY"]
[Site "Wroclaw"]
[Date "1899-12-30"]
[Round "3.13"]
[White "Ziemiecki, Dawid"]
[Black "Czarniecka, Aleksandra"]
[Result "1/2-1/2"]
[WhiteTitle "III"]
[BlackTitle "II"]
[WhiteElo "1236"]
[BlackElo "1264"]

1. e4 c5 2. c3 d5 3. e5 Nc6 4. Nf3 e6 5. d4 Qb6 6. Qa4 Bd7 7. Qb3 Qc7 8. Be2 c4
9. Qc2 Nge7 10. b3 b5 11. O-O Ng6 12. bxc4 bxc4 13. Ba3 Bxa3 14. Nxa3 a6 15. Rab1
O-O 16. Rb2 Rfb8 17. Rfb1 Rxb2 18. Rxb2 Nf4 19. Bf1 Rf8 20. Ne1 Ng6 21. g3 f6
22. f4 Qa7 23. Kg2 Nce7 24. Qb1 Bc6 25. Qc1 Nf5 26. Nf3 Qa8 27. Nc2 fxe5 28. fxe5
a5 29. a3 a4 30. Nb4 Rb8 31. Nxc6 Rxb2+ 32. Qxb2 Ne3+ 33. Kg1 Qxc6 34. Qd2 Nf5
35. Qb2 Qc7 36. Qb4 Qd7 37. Bh3 Nge7 38. g4 Nh6 39. Qd6 Qxd6 40. exd6 Nc6 41.
d7 Nf7 42. g5 Nfd8 43. Kf2 Kf7 44. Ne5+ Nxe5 45. dxe5 Ke7 46. Ke3 Kxd7 47. Bf1
Kc6 48. Kd4 Nf7 49. h4 Kd7 50. Bh3 Nd8 51. Ke3 Nc6 52. Kf4 d4 53. cxd4 Nxd4 54.
Ke4 Nb5 55. Bf1 Nxa3 56. Kd4 Kc6 57. Bg2+ Kb5 58. Kc3 Nb1+ 59. Kb2 Nd2 60. Bh3
Nf3 61. Bxe6 Nxe5 62. Bg8 h6 63. gxh6 gxh6 64. h5 Kb4 65. Bh7 Nd3+ 66. Kb1 c3
67. Bxd3 Kb3 68. Bc2+ Kb4 69. Bxa4 Kxa4 70. Kc2 Kb4 71. Kc1 Kc5 72. Kc2 Kd4 73.
Kc1 Kd3 74. Kd1 Kc4 75. Kc2 Kd4 76. Kc1 Ke5 77. Kc2 Kf5 78. Kxc3 Kg4 79. Kd2 Kxh5
80. Ke2 Kg4 81. Kf2 Kf4 82. Kg2 h5 83. Kh2 Kg4 84. Kg2 h4 85. Kh2 h3 86. Kh1 Kg3
87. Kg1 h2+ 88. Kh1 Kh3 1/2-1/2

[Event "XXVIII Memorial Mistrza Blaszczaka Grupa C - MLODZICY"]
[Site "Wroclaw"]
[Date "1899-12-30"]
[Round "4.1"]
[White "Frej, Zofia"]
[Black "Woloch, Oskar"]
[Result "0-1"]
[WhiteTitle "I"]
[BlackTitle "II"]
[WhiteElo "1545"]
[BlackElo "1707"]

1. e4 e5 2. Nf3 f5 3. Nc3 Nc6 4. Bb5 fxe4 5. Nxe4 d5 6. Ng3 Bd6 7. O-O Nge7 8.
Re1 O-O 9. Bxc6 Nxc6 10. h3 e4 11. Nh2 Qf6 12. Rf1 Bc5 13. d4 exd3 14. Qxd3 Bxf2+
15. Kh1 Qd4 16. Qa3 Qc5 17. Qxc5 Bxc5 18. Rxf8+ Kxf8 19. Bf4 Bb6 20. Rf1 Kg8 21.
Nf3 Bd7 22. Ne5 Nxe5 23. Bxe5 Re8 24. Bc3 d4 25. Bd2 Rf8 26. c3 Rxf1+ 27. Nxf1
Kf7 28. Kh2 Ke6 29. Kg3 Ke5 30. cxd4+ Bxd4 31. Bf4+ Ke4 32. Bxc7 Bxb2 33. Nd2+
Kd3 34. Nb3 Ba3 35. Bb8 a6 36. Ba7 Be6 37. Nc5+ Bxc5 38. Bxc5 Bxa2 39. Bb6 Ke4
40. Kg4 h6 41. g3 g6 42. Kh4 Kf3 43. g4 Bf7 44. g5 h5 45. Ba5 b5 46. Bb4 Kg2 47.
Ba3 a5 48. Be7 b4 49. Bxb4 a4 50. Bc3 Be6 51. Bf6 a3 52. Be7 a2 53. Bf6 Bxh3 54.
Be5 Bf5 55. Bd4 Kf3 56. Ba1 Ke2 57. Kg3 Kd3 58. Kh4 Kc2 59. Kg3 Kb1 60. Bg7 a1=Q
61. Bxa1 Kxa1 62. Kh4 Kb2 63. Kg3 Kc3 64. Kh4 Kd4 65. Kg3 Ke5 66. Kh4 Bh3 67.
Kxh3 Kf5 68. Kh4 Kf4 69. Kh3 Kxg5 70. Kg3 h4+ 71. Kh3 Kh5 72. Kh2 g5 73. Kh3 g4+
74. Kh2 h3 75. Kg3 Kg5 76. Kh2 Kh4 77. Kh1 g3 78. Kg1 Kg4 79. Kh1 g2+ 80. Kh2
Kf3 81. Kg1 h2+ 82. Kxh2 Kf2 0-1

[Event "XXVIII Memorial Mistrza Blaszczaka Grupa C - MLODZICY"]
[Site "Wroclaw"]
[Date "1899-12-30"]
[Round "4.2"]
[White "Kalinowska, Karolina"]
[Black "Pultorak, Jan"]
[Result "0-1"]
[WhiteTitle "I"]
[BlackTitle "I"]
[WhiteElo "1475"]
[BlackElo "1851"]

1. e4 c5 2. Nf3 d6 3. d4 cxd4 4. Nxd4 Nf6 5. Nc3 a6 6. h3 e6 7. Be3 Be7 8. Bd3
Qc7 9. O-O O-O 10. Qd2 b5 11. Rad1 Bb7 12. a3 Nbd7 13. f3 Nb6 14. Rfe1 Nfd7 15.
Nb3 Bf6 16. Bd4 Ne5 17. Na5 Nxf3+ 18. gxf3 Bxd4+ 19. Kh1 g6 20. Nxb7 Bxc3 21.
Qxc3 Qxb7 22. Qf6 Qc6 23. Rd2 Nd7 24. Qf4 Ne5 25. Be2 Rad8 26. Red1 Nc4 27. Bxc4
Qxc4 28. Rxd6 Rxd6 29. Qxd6 Qxc2 30. Rd2 Qc1+ 31. Kg2 Rc8 32. Qd3 a5 33. Kf2 b4
34. axb4 axb4 35. Qd4 b3 36. h4 h5 37. e5 Qxd2+ 38. Qxd2 Rc2 39. Ke2 Rxd2+ 40.
Kxd2 g5 41. Kc3 gxh4 42. Kxb3 h3 0-1

[Event "XXVIII Memorial Mistrza Blaszczaka Grupa C - MLODZICY"]
[Site "Wroclaw"]
[Date "1899-12-30"]
[Round "4.3"]
[White "Adamczewski, Maciej"]
[Black "Holownia, Michal"]
[Result "1/2-1/2"]
[WhiteTitle "I"]
[BlackTitle "II"]
[WhiteElo "1824"]
[BlackElo "1521"]

1. d4 Nf6 2. c4 c5 3. d5 e6 4. Nc3 exd5 5. cxd5 d6 6. g3 g6 7. Bg2 Bg7 8. Nf3 O-O
9. O-O a6 10. a4 Nbd7 11. Bf4 Qe7 12. Nd2 Ng4 13. Nc4 Nge5 14. Bxe5 Nxe5 15. Nxe5
Qxe5 16. e3 Bd7 17. a5 Bb5 18. Re1 Rab8 19. Qb3 b6 20. f4 Qf6 21. Nxb5 axb5 22.
Re2 bxa5 23. Rxa5 b4 24. Qc4 Ra8 25. Ra6 Qe7 26. b3 Qf6 27. Rc2 Rfe8 28. Kf2 Qe7
29. Re2 Qf6 30. Rc2 Qe7 31. Re2 Qf6 32. Rc2 Qe7 33. Re2 Qf6 34. Rc2 Qe7 1/2-1/2

[Event "XXVIII Memorial Mistrza Blaszczaka Grupa C - MLODZICY"]
[Site "Wroclaw"]
[Date "1899-12-30"]
[Round "4.4"]
[White "Kawaler, Adam"]
[Black "Laszczak, Przemyslaw"]
[Result "1-0"]
[WhiteTitle "II+"]
[BlackTitle "II+"]
[WhiteElo "1668"]
[BlackElo "1507"]

1. e4 e6 2. d4 d5 3. exd5 exd5 4. c4 Nf6 5. Bg5 c6 6. Nc3 Bb4 7. Nf3 O-O 8. cxd5
cxd5 9. Be2 Nc6 10. O-O Be7 11. a3 Ne4 12. Bxe7 Nxe7 13. Bd3 f5 14. Ne5 Nc6 15.
Nxd5 Be6 16. Nxc6 bxc6 17. Nf4 Bd5 18. Nxd5 Qxd5 19. Rc1 Kh8 20. Bxe4 fxe4 21.
Rc5 Qd6 22. Qa4 Rfd8 23. Rxc6 Qxd4 24. Rc4 Qxb2 25. Rxe4 a6 26. Rfe1 Qb5 27. g4
h6 28. Rb4 Qxa4 29. Rxa4 Rd5 30. Re6 a5 31. f4 Kg8 32. Kf2 Rb8 33. Re3 Kf7 34.
Rae4 Rd2+ 35. Kg3 Rbb2 36. Re7+ Kg8 37. Ra7 Rg2+ 38. Kf3 Rbf2+ 39. Ke4 Rxg4 40.
Rf3 Rxh2 41. Rxa5 g5 42. Kf5 Rhh4 43. Ra8+ Kf7 44. Ra7+ Ke8 45. Ke6 Kd8 46. Rc3
Rxf4 47. Ra8+ 1-0

[Event "XXVIII Memorial Mistrza Blaszczaka Grupa C - MLODZICY"]
[Site "Wroclaw"]
[Date "1899-12-30"]
[Round "4.5"]
[White "Oglaza, Oskar"]
[Black "Miszkielo, Bartosz"]
[Result "0-1"]
[WhiteTitle "II"]
[BlackTitle "II+"]
[WhiteElo "1534"]
[BlackElo "1618"]

1. e4 c5 2. Nf3 Nc6 3. d4 cxd4 4. Nxd4 Nf6 5. Nc3 e5 6. Nxc6 bxc6 7. Bc4 Bb4 8.
Bd2 O-O 9. Bg5 h6 10. Bxf6 Qxf6 11. Qd2 Rd8 12. O-O-O a5 13. a3 Bxc3 14. Qxc3
Bb7 15. Qb3 Rab8 16. Qg3 d5 17. exd5 cxd5 18. Bb3 e4 19. c3 Qb6 20. Ba2 Ba6 21.
b4 axb4 22. axb4 d4 23. Qf4 Rdc8 24. Qxf7+ Kh8 25. Rd2 Rxc3+ 26. Rc2 Qxb4 27.
Kd1 Rxc2 28. Kxc2 Qc3+ 29. Kd1 Qa1+ 30. Kd2 Rb2+ 0-1

[Event "XXVIII Memorial Mistrza Blaszczaka Grupa C - MLODZICY"]
[Site "Wroclaw"]
[Date "1899-12-30"]
[Round "4.6"]
[White "Mozol, Dawid"]
[Black "Sekowska, Helena"]
[Result "0-1"]
[WhiteTitle "II"]
[BlackTitle "II+"]
[WhiteElo "1545"]
[BlackElo "1459"]

1. e4 c5 2. Nf3 e6 3. d4 cxd4 4. Nxd4 Nf6 5. Nc3 Nc6 6. f3 Bb4 7. Bc4 Nxe4 8. Nxc6
Nxc3 9. Nxd8 Nxd1+ 10. Kxd1 Kxd8 11. c3 Bc5 12. Kc2 d5 13. Bb3 b6 14. Bf4 Ba6
15. Rhe1 Rc8 16. Rad1 Rc6 17. c4 Bb4 18. Re3 Bxc4 19. Kb1 Bxb3 20. Rxb3 Bd6 21.
Bxd6 Rxd6 22. Rc1 Ke7 23. Rbc3 Rhd8 24. Rc7+ R6d7 25. R7c3 d4 26. Rd3 e5 27. Re1
f6 28. Kc2 Rc8+ 29. Kd2 Kf7 30. g4 Rdc7 31. Ke2 Rc1 32. Rxc1 Rxc1 33. Rd2 Rc5
34. Kd3 Ke6 35. Re2 Kd5 36. Rf2 Rc1 37. Kd2 Rc7 38. Kd3 Re7 39. Re2 g6 40. a3
f5 41. h3 e4+ 42. Kd2 Kc4 43. f4 e3+ 44. Ke1 d3 45. Rg2 d2+ 46. Ke2 Rd7 47. Kd1
Kd3 48. gxf5 Rc7 0-1

[Event "XXVIII Memorial Mistrza Blaszczaka Grupa C - MLODZICY"]
[Site "Wroclaw"]
[Date "1899-12-30"]
[Round "4.7"]
[White "Lascar, Maria Elena"]
[Black "Mastalarz, Jozef"]
[Result "1/2-1/2"]
[WhiteTitle "II"]
[BlackTitle "II"]
[WhiteElo "1320"]
[BlackElo "1510"]

1. e4 d5 2. exd5 Nf6 3. Nc3 Nxd5 4. Bc4 Nxc3 5. bxc3 e6 6. Qf3 Bd6 7. d4 O-O 8.
Ne2 Nc6 9. Ng3 Bd7 10. Ne4 Kh8 11. Ng5 Qf6 12. Qh5 h6 13. Bd3 e5 14. Nh7 Qe7 15.
Nxf8 exd4+ 16. Qe2 Qxe2+ 17. Bxe2 Rxf8 18. cxd4 Nxd4 19. Bd3 Re8+ 20. Be3 Bc6
21. O-O Ne6 22. Rad1 Nf4 23. Bxf4 Bxf4 24. Bc4 f6 25. Bd5 Bxd5 26. Rxd5 b6 27.
Rfd1 Bd6 28. Kf1 Kg8 29. Re1 Kf7 30. Rxe8 Kxe8 31. a4 a5 32. h3 Ke7 33. Rd3 Kf7
34. Ke2 g5 35. g4 Kg6 36. Rf3 Be5 37. Kd3 h5 38. Ke4 h4 39. Rf5 c6 40. c4 Bd6
41. f3 Kf7 42. Kd4 Ke6 43. c5 bxc5+ 44. Rxc5 Bxc5+ 45. Kxc5 Ke5 1/2-1/2

[Event "XXVIII Memorial Mistrza Blaszczaka Grupa C - MLODZICY"]
[Site "Wroclaw"]
[Date "1899-12-30"]
[Round "4.9"]
[White "Lipski, Lukasz"]
[Black "Joniak, Grzegorz"]
[Result "1-0"]
[WhiteTitle "II+"]
[BlackTitle "II"]
[WhiteElo "1593"]
[BlackElo "1314"]

1. e4 e5 2. Nf3 Nc6 3. Bb5 a6 4. Ba4 b5 5. Bb3 Bb7 6. O-O Nf6 7. Ng5 d5 8. exd5
Na5 9. d6 Nxb3 10. dxc7 Qxc7 11. axb3 Qc6 12. Nf3 Rd8 13. Re1 Bd6 14. d4 e4 15.
d5 Qxd5 16. Qxd5 Bxd5 17. Rxa6 O-O 18. Nd4 b4 19. Bg5 Be5 20. Nc6 Bxc6 21. Rxc6
Bxb2 22. Rc4 Rd4 23. Rxd4 Bxd4 24. Bxf6 Bxf6 25. Rxe4 Bc3 26. Nxc3 bxc3 27. Rc4
Rd8 28. g3 f6 29. Rxc3 Rd1+ 30. Kg2 Rc1 31. Rc7 Kf8 32. c3 h5 33. b4 g5 34. b5
1-0

[Event "XXVIII Memorial Mistrza Blaszczaka Grupa C - MLODZICY"]
[Site "Wroclaw"]
[Date "1899-12-30"]
[Round "4.13"]
[White "Kosinski, Bartosz"]
[Black "Ziemiecki, Dawid"]
[Result "1-0"]
[WhiteTitle "II"]
[BlackTitle "III"]
[WhiteElo "1457"]
[BlackElo "1236"]

1. b4 e5 2. Bb2 d6 3. e4 Nf6 4. Nc3 Be6 5. Nge2 d5 6. exd5 Nxd5 7. a3 Nd7 8. Nxd5
Bxd5 9. Nc3 Bc6 10. b5 Bxg2 11. Bxg2 Rb8 12. O-O Bd6 13. Qf3 c6 14. bxc6 bxc6
15. Rab1 Rc8 16. Rfe1 O-O 17. Ne4 Nb8 18. Nxd6 Qxd6 19. Bxe5 Qxa3 20. Qxa3 1-0

[Event "XXVIII Memorial Mistrza Blaszczaka Grupa C - MLODZICY"]
[Site "Wroclaw"]
[Date "1899-12-30"]
[Round "4.14"]
[White "Czarniecka, Aleksandra"]
[Black "Kraszewska, Barbara"]
[Result "1-0"]
[WhiteTitle "II"]
[BlackTitle "II"]
[WhiteElo "1264"]
[BlackElo "1269"]

1. e4 c5 2. Nf3 e6 3. d4 cxd4 4. Nxd4 Nf6 5. Bd3 a6 6. c4 Be7 7. Nc3 d6 8. O-O
O-O 9. a3 Qc7 10. b4 b5 11. Qb3 bxc4 12. Bxc4 Nc6 13. Nf3 Bb7 14. Bd3 Rfd8 15.
Bb2 Rac8 16. Qd1 Qd7 17. Qe2 h6 18. Bxa6 Nb8 19. Bxb7 Qxb7 20. Rfd1 d5 21. exd5
Nxd5 22. Nxd5 Rxd5 23. Rxd5 Qxd5 24. h3 Qf5 25. Qe5 Qg6 26. b5 Bf6 27. Qe2 Rc2
28. Ne5 Rxe2 29. Nxg6 Rxb2 30. Rc1 Rxb5 31. Rc8+ Kh7 32. Nf8+ Kg8 33. Nxe6+ Kh7
34. Nf8+ Kg8 35. Nd7+ Kh7 36. Rxb8 Rxb8 37. Nxb8 Bc3 38. a4 Kg6 39. Kf1 Kf5 40.
Nc6 g5 41. a5 Bxa5 42. Nxa5 Ke4 43. Nc6 f5 44. Ke2 h5 45. Ne7 f4 46. f3+ Ke5 47.
Nc6+ Kf6 48. Kd3 Kg6 49. Ke4 Kf6 50. Nd4 Kg6 51. Ke5 h4 52. Nf5 Kf7 53. Nxh4 gxh4
54. Kxf4 1-0

[Event "XXVIII Memorial Mistrza Blaszczaka Grupa C - MLODZICY"]
[Site "Wroclaw"]
[Date "1899-12-30"]
[Round "5.1"]
[White "Woloch, Oskar"]
[Black "Pultorak, Jan"]
[Result "1/2-1/2"]
[WhiteTitle "II"]
[BlackTitle "I"]
[WhiteElo "1707"]
[BlackElo "1851"]

1. e4 c5 2. Nc3 e6 3. f4 d5 4. Nf3 Nf6 5. e5 Nfd7 6. g3 a6 7. a4 Nc6 8. Bg2 Be7
9. O-O O-O 10. d3 Rb8 11. Qe2 Qc7 12. g4 b5 13. Re1 b4 14. Nd1 b3 15. c3 d4 16.
f5 Nb6 17. Bh3 Nd5 18. Qe4 dxc3 19. bxc3 Bb7 20. Ng5 Bxg5 21. Bxg5 b2 22. Rb1
Nxc3 23. Nxc3 Nd4 24. Qf4 Nf3+ 25. Kf1 Nxe1 26. Rxe1 Qd7 27. Qe3 Qd4 28. Qd2 c4
29. dxc4 Qxc4+ 30. Ne2 Be4 31. Qc3 Qxc3 32. Nxc3 b1=Q 33. Nxb1 Rxb1 34. Rxb1 Bxb1
35. Be7 Re8 36. f6 gxf6 37. exf6 Rc8 38. Kf2 Rc3 39. Bg2 Rc4 40. a5 Rxg4 41. Bf1
Rf4+ 42. Ke1 Ra4 43. Bd8 Bd3 44. Bxd3 Rd4 45. Bxa6 Rxd8 46. Be2 h5 47. a6 Rd7
48. Bb5 Ra7 49. Bd3 e5 50. Kf2 e4 51. Be2 Kh7 52. Ke3 Kg6 53. Kxe4 Kxf6 54. Kf4
Rd7 55. Bxh5 Rd4+ 56. Ke3 Rh4 57. Bf3 Rxh2 58. a7 Ra2 1/2-1/2

[Event "XXVIII Memorial Mistrza Blaszczaka Grupa C - MLODZICY"]
[Site "Wroclaw"]
[Date "1899-12-30"]
[Round "5.2"]
[White "Sekowska, Helena"]
[Black "Kawaler, Adam"]
[Result "0-1"]
[WhiteTitle "II+"]
[BlackTitle "II+"]
[WhiteElo "1459"]
[BlackElo "1668"]

1. e4 d6 2. d4 Nf6 3. Nc3 g6 4. Nf3 Bg7 5. Be3 O-O 6. Bd3 Nbd7 7. O-O c5 8. h3
a6 9. a4 Qc7 10. Qd2 b6 11. Rfe1 Bb7 12. d5 e6 13. dxe6 fxe6 14. Bc4 Rfe8 15.
Bf4 Ne5 16. Nxe5 dxe5 17. Bh6 Rad8 18. Qg5 Rd4 19. Bxg7 Kxg7 20. Bf1 Nxe4 21.
Nxe4 Rxe4 22. Rxe4 Bxe4 23. Bxa6 Bxc2 24. Bb5 Rd8 25. Re1 e4 26. Qc1 Bd3 27. Qc3+
Rd4 28. Rd1 e5 29. Bxd3 Qd6 30. Bc2 Rxd1+ 31. Bxd1 Qxd1+ 32. Kh2 Qd4 33. Qc2 Kf6
34. b3 e3 35. fxe3 Qxe3 36. Qd1 Qf4+ 37. Kh1 Ke7 38. Qd5 Qc1+ 39. Kh2 Qf4+ 40.
Kh1 Qf1+ 41. Kh2 Qf6 42. Qb7+ Kf8 43. Qc8+ Kg7 44. Qd7+ Kh6 45. Qd3 Qf4+ 46. Kh1
Qc1+ 47. Kh2 Qf4+ 48. g3 e4 49. Qe2 Qe5 50. Qe3+ Kg7 51. h4 Qd4 52. Qf4 e3 53.
Qc7+ Kh6 54. Qf7 e2 55. Qf8+ Kh5 56. Qf3+ Qg4 57. Qd5+ Qf5 58. g4+ Kxg4 59. Qg2+
Kxh4 0-1

[Event "XXVIII Memorial Mistrza Blaszczaka Grupa C - MLODZICY"]
[Site "Wroclaw"]
[Date "1899-12-30"]
[Round "5.3"]
[White "Miszkielo, Bartosz"]
[Black "Frej, Zofia"]
[Result "0-1"]
[WhiteTitle "II+"]
[BlackTitle "I"]
[WhiteElo "1618"]
[BlackElo "1545"]

1. e4 c5 2. Nf3 e6 3. d4 cxd4 4. Nxd4 a6 5. Nc3 Qc7 6. Bd3 Nc6 7. Nb3 Nf6 8. Be3
Be7 9. a3 b5 10. Qd2 Bb7 11. f3 Rc8 12. O-O O-O 13. Ne2 d5 14. exd5 Nxd5 15. Bf2
Rfd8 16. Rad1 Ne5 17. Kh1 Nxd3 18. cxd3 Qc2 19. Nbd4 Qxd2 20. Rxd2 Bg5 21. Rdd1
Ne3 22. Bxe3 Bxe3 23. Nb3 Rc2 24. Ng3 Rxb2 25. Nc1 Bxc1 26. Rxc1 Rb3 27. Rc7 Bd5
28. Rfc1 Rxd3 29. Rd7 Rd1+ 30. Rxd1 Rxd7 31. Ne4 Rc7 32. h3 Kf8 33. Nf2 Rc3 34.
Rd3 Rxd3 35. Nxd3 a5 36. Kg1 Ke7 37. Kf2 Kd6 38. Ke3 Bc4 39. Nb2 Kc5 40. g3 b4
41. axb4+ Kxb4 42. Kd4 Bf1 43. h4 a4 44. Nxa4 Kxa4 0-1

[Event "XXVIII Memorial Mistrza Blaszczaka Grupa C - MLODZICY"]
[Site "Wroclaw"]
[Date "1899-12-30"]
[Round "5.4"]
[White "Korolewicz, Pawel"]
[Black "Adamczewski, Maciej"]
[Result "0-1"]
[WhiteTitle "II"]
[BlackTitle "I"]
[WhiteElo "1343"]
[BlackElo "1824"]

1. e4 c5 2. Ne2 e6 3. Nbc3 a6 4. d3 Nc6 5. Be3 Qc7 6. g3 Ne5 7. Bg2 d6 8. h3 Nf6
9. O-O Be7 10. f4 Ng6 11. g4 Nd7 12. f5 Nge5 13. fxe6 fxe6 14. Qd2 b6 15. d4 Nc4
16. Qc1 Nxe3 17. Qxe3 Bb7 18. Nf4 Nf8 19. d5 Bf6 20. Kh1 Bxc3 21. Qxc3 e5 22.
Nh5 Ng6 23. Rf5 O-O-O 24. Raf1 Rdf8 25. Qf3 Nf4 26. Nxf4 Rxf5 27. gxf5 exf4 28.
Qxf4 Rf8 29. Qg4 Rf6 30. Qh5 Qf7 31. Qxh7 Rh6 32. Qxh6 gxh6 33. Bf3 Qf6 34. Rg1
Kc7 35. Rg6 Qxb2 36. f6 Qc1+ 37. Kh2 Qf4+ 38. Kg2 Bc8 39. Rg7+ Kd8 40. Rg8+ Kc7
41. Rg7+ Bd7 42. f7 Bxh3+ 43. Kf2 Bd7 44. Ke2 c4 45. c3 b5 46. Bg2 Bg4+ 47. Ke1
Qg3+ 48. Kd2 Qxg2+ 49. Kc1 Qf1+ 50. Kb2 Bd7 51. Ka3 a5 52. Kb2 b4 53. cxb4 axb4
54. e5 Qf2+ 55. Kc1 dxe5 56. a3 c3 57. d6+ Kc6 0-1

[Event "XXVIII Memorial Mistrza Blaszczaka Grupa C - MLODZICY"]
[Site "Wroclaw"]
[Date "1899-12-30"]
[Round "5.5"]
[White "Holownia, Michal"]
[Black "Lascar, Maria Elena"]
[Result "1-0"]
[WhiteTitle "II"]
[BlackTitle "II"]
[WhiteElo "1521"]
[BlackElo "1320"]

1. e4 c5 2. Nf3 e6 3. d4 cxd4 4. Nxd4 Nf6 5. Nc3 Qb6 6. Nb3 Bb4 7. Bd3 d6 8. O-O
Bxc3 9. bxc3 O-O 10. Kh1 Qc7 11. Qe1 a6 12. f4 Nbd7 13. Ba3 Re8 14. Rd1 b6 15.
Qh4 h6 16. Rf3 Nf8 17. e5 dxe5 18. Bd6 Qc6 19. fxe5 Nd5 20. Qh5 Qd7 21. Rdf1 f6
22. c4 Nc7 23. exf6 gxf6 24. Rxf6 Qxd6 25. Qf7+ Kh8 26. Rxh6+ Nh7 27. Rxh7# 1-0

[Event "XXVIII Memorial Mistrza Blaszczaka Grupa C - MLODZICY"]
[Site "Wroclaw"]
[Date "1899-12-30"]
[Round "5.6"]
[White "Mastalarz, Jozef"]
[Black "Lipski, Lukasz"]
[Result "1-0"]
[WhiteTitle "II"]
[BlackTitle "II+"]
[WhiteElo "1510"]
[BlackElo "1593"]

1. Nc3 d5 2. e4 c6 3. Nf3 d4 4. Ne2 c5 5. Ng3 Nc6 6. Bc4 e5 7. a3 Nf6 8. d3 Bg4
9. h3 Be6 10. Bxe6 fxe6 11. O-O h6 12. Nh2 Bd6 13. f4 exf4 14. Bxf4 Bxf4 15. Rxf4
e5 16. Rf2 O-O 17. Nf5 Ne7 18. Ng4 Qd7 19. Nxe5 Qe6 20. Nxe7+ Qxe7 21. Ng6 Qe6
22. Nxf8 Rxf8 23. Qd2 b6 24. c3 Qe5 25. cxd4 Qxd4 26. Qc3 Rd8 27. Qxd4 Rxd4 28.
Rf3 Nd7 29. Raf1 Ne5 30. Rf8+ Kh7 31. Ra8 Nxd3 32. Rxa7 Rd6 33. Rd1 c4 34. Rc7
Rd4 35. Rc6 b5 36. Rb6 Rxe4 37. Rxb5 Re2 38. Rf1 Nxb2 39. Rf2 Re1+ 40. Kh2 c3
41. Rc2 Re3 42. Rc5 Nd1 43. Rc1 Rd3 44. a4 Rd2 45. a5 Ne3 46. R5xc3 Nxg2 47. R3c2
Rd5 48. Rxg2 Rxa5 49. Rc7 1-0

[Event "XXVIII Memorial Mistrza Blaszczaka Grupa C - MLODZICY"]
[Site "Wroclaw"]
[Date "1899-12-30"]
[Round "5.7"]
[White "Wrobel, Michal"]
[Black "Kosinski, Bartosz"]
[Result "1-0"]
[WhiteTitle "II"]
[BlackTitle "II"]
[WhiteElo "1590"]
[BlackElo "1457"]

1. e4 c5 2. c4 g6 3. Nc3 Bg7 4. Nge2 Nf6 5. g3 O-O 6. Bg2 d6 7. O-O Nc6 8. d3 Nd4
9. Nxd4 cxd4 10. Ne2 e5 11. f4 Ne8 12. Bd2 f5 13. b4 b6 14. exf5 Bxf5 15. Bxa8
Qxa8 16. Nc1 Bh3 17. Qf3 Qc8 18. Re1 Bh6 19. Ne2 Kh8 20. Qh1 Qg4 21. Qe4 Nf6 22.
Qc6 Nh5 23. Kh1 exf4 24. Bxf4 Nxf4 25. Nxf4 Bxf4 26. gxf4 d5 27. Qxd5 Qxf4 28.
Qe5+ Qxe5 29. Rxe5 Rf3 30. Rg5 Bf5 31. Rg3 Rxd3 32. Rxd3 Bxd3 33. c5 bxc5 34.
bxc5 Bc2 35. Kg1 Kg7 36. c6 Kf6 37. c7 Bf5 38. Rf1 1-0

[Event "XXVIII Memorial Mistrza Blaszczaka Grupa C - MLODZICY"]
[Site "Wroclaw"]
[Date "1899-12-30"]
[Round "5.8"]
[White "Laszczak, Przemyslaw"]
[Black "Mozol, Dawid"]
[Result "1-0"]
[WhiteTitle "II+"]
[BlackTitle "II"]
[WhiteElo "1507"]
[BlackElo "1545"]

1. d4 d5 2. c4 e6 3. Nc3 Nf6 4. Nf3 Nbd7 5. Bg5 Be7 6. e3 O-O 7. Be2 h6 8. Bh4
b6 9. O-O Bb7 10. Rc1 dxc4 11. Bxc4 Ne4 12. Bxe7 Qxe7 13. Nxe4 Bxe4 14. Bd3 Bxd3
15. Qxd3 c5 16. Rfd1 Rfd8 17. Qe2 Rac8 18. a3 Nf6 19. dxc5 Rxd1+ 20. Qxd1 Rxc5
21. Nd4 Qc7 22. Rxc5 Qxc5 23. Qc2 Qd6 24. Qc6 Qd8 25. g3 Kf8 26. Nb5 a5 27. Qd6+
Qe7 28. Qb8+ Qe8 29. Qxb6 a4 30. Qb7 Qd8 31. Nc3 Qd2 32. Qb4+ Kg8 33. Kg2 e5 34.
h3 Qc2 35. Qxa4 Qxb2 36. Qb4 Qd2 37. Qb8+ Kh7 38. Qxe5 Qb2 39. Qf5+ Kg8 40. Qc8+
Kh7 41. Qf5+ Kg8 42. Qc8+ Kh7 43. a4 g6 44. a5 Qc2 45. Qc6 Ne4 46. Qxe4 Qxc3 47.
a6 Qa5 48. Qb7 1-0

[Event "XXVIII Memorial Mistrza Blaszczaka Grupa C - MLODZICY"]
[Site "Wroclaw"]
[Date "1899-12-30"]
[Round "5.9"]
[White "Musiala, Jakub"]
[Black "Oglaza, Oskar"]
[Result "0-1"]
[WhiteTitle "II"]
[BlackTitle "II"]
[WhiteElo "1390"]
[BlackElo "1534"]

1. e4 c5 2. Nc3 e6 3. f4 d5 4. d3 Nc6 5. e5 f6 6. Nf3 a6 7. g3 b5 8. Bg2 Bb7 9.
O-O Qb6 10. Kh1 Nce7 11. d4 Nf5 12. Ne2 cxd4 13. Nexd4 Nxd4 14. Qxd4 Bc5 15. Qd3
f5 16. c3 a5 17. a3 b4 18. Qd2 bxc3 19. Qxc3 Nh6 20. Bd2 Ng4 21. Be1 Ne3 22. Bf2
d4 23. Qd2 Nxf1 24. Rxf1 Bxf3 25. Bxf3 Rb8 26. Rd1 O-O 27. b4 axb4 28. axb4 Qxb4
29. Qxb4 Rxb4 30. Kg2 Rb2 31. Kf1 Rd8 32. h4 Rb3 33. Bc6 Rc3 34. Be1 Rb3 35. Bb4
0-1

[Event "XXVIII Memorial Mistrza Blaszczaka Grupa C - MLODZICY"]
[Site "Wroclaw"]
[Date "1899-12-30"]
[Round "5.12"]
[White "Joniak, Grzegorz"]
[Black "Tokarz, Krzysztof"]
[Result "1/2-1/2"]
[WhiteTitle "II"]
[BlackTitle "II"]
[WhiteElo "1314"]
[BlackElo "1465"]

1. e4 e6 2. d4 d5 3. exd5 exd5 4. Nf3 Bd6 5. Nc3 Ne7 6. Bd3 O-O 7. Bg5 Re8 8. O-O
h6 9. Be3 c6 10. Qd2 Nf5 11. Rfe1 Nxe3 12. Rxe3 Be6 13. Rae1 Nd7 14. R3e2 Nf6
15. h3 Qc7 16. Ne5 Nd7 17. f4 Qb6 18. Nxd7 Bxd7 19. Rxe8+ Rxe8 20. Rxe8+ Bxe8
21. Qe3 Bd7 22. b3 Qa5 23. a4 Kf8 24. Nd1 Qc7 25. f5 c5 26. c3 cxd4 27. cxd4 Bf4
28. Qf3 Qd6 29. Ne3 Bxe3+ 30. Qxe3 Qe7 31. Qxe7+ Kxe7 32. Kf2 Kf6 33. g4 h5 34.
Kg3 hxg4 35. hxg4 g6 36. Kf4 gxf5 37. Bxf5 Bxf5 38. gxf5 a5 39. Kg4 Kg7 40. Kf4
Kf6 41. Kg4 Kg7 1/2-1/2